|
|
|
|
| LEADER |
01429nam a2200313 a 4500 |
| 001 |
2138967 |
| 008 |
091221s1997 bg b 100 0 eng d |
| 010 |
|
|
|a 97905889
|
| 040 |
|
|
|a DLC
|c DLC
|d DLC
|d BD-DhAAL
|
| 082 |
0 |
0 |
|a 305.42/095492
|2 21
|
| 245 |
0 |
0 |
|a Beijing process and follow-up :
|b Bangladesh perspective /
|c edited by Jahanara Huq, Khaleda Salahuddin, Hamida Akhtar Begum.
|
| 250 |
|
|
|a 1st ed.
|
| 260 |
|
|
|a Dhaka :
|b Women for Women,
|c 1997.
|
| 300 |
|
|
|a 107 p. ;
|c 23 cm.
|
| 520 |
|
|
|a On gender equality and justics; papers relating to the Workshop on Beijing Process and its Follow-up in Bangladesh.
|
| 504 |
|
|
|a Includes bibliographical references.
|
| 541 |
1 |
|
|e 00005975
|
| 650 |
|
0 |
|a Women
|z Bangladesh
|x Social conditions.
|
| 650 |
|
0 |
|a Women's rights
|z Bangladesh.
|
| 650 |
|
0 |
|a Women
|x Government policy
|z Bangladesh.
|
| 611 |
2 |
0 |
|a World Conference on Women
|n (4th :
|d 1995 :
|c Beijing, China)
|
| 700 |
1 |
|
|a Huq, Jahanara.
|
| 700 |
1 |
|
|a Sālāhauddina, Khāledā.
|
| 700 |
0 |
|
|a Hāmidā Ākhatāra Begama,
|d 1941-
|
| 710 |
2 |
|
|a Women for Women (Organization : Bangladesh)
|
| 711 |
2 |
|
|a Workshop on Beijing Process and its Follow-up in Bangladesh
|d (1996? :
|c Dhaka, Bangladesh?)
|
| 852 |
4 |
|
|a Ayesha Abed Library
|j General shelf
|
| 999 |
|
|
|c 7298
|d 7298
|
| 952 |
|
|
|0 0
|1 0
|2 ddc
|4 0
|6 305_420954920000000_BEI_1997
|7 0
|9 7714
|a BRACUL
|b BRACUL
|c GEN
|d 2010-02-02
|l 0
|o 305.42095492 BEI
|p 3010005975
|r 2010-02-02
|t 1
|w 2010-02-02
|y BK
|